Arquitectura islámica
Guardat en:
| Autor principal: | |
|---|---|
| Format: | Llibre |
| Idioma: | espanyol |
| Publicat: |
Madrid
Aguilar
1976
|
| Col·lecció: | Historia universal de la arquitectura
|
| Matèries: | |
| Etiquetes: |
Afegir etiqueta
Sense etiquetes, Sigues el primer a etiquetar aquest registre!
|
MARC
| LEADER | 00000nam a2200000 a 4500 | ||
|---|---|---|---|
| 001 | UCY4748 | ||
| 003 | CL-VaPUC | ||
| 008 | 950328e19760000SP |||||||||||||||||spa|d | ||
| 082 | 0 | 4 | |a 723.3 |b HOA |2 21 |
| 100 | 0 | |a Hoag, John D |e author |9 333231 | |
| 245 | 1 | 0 | |a Arquitectura islámica |
| 300 | |a 422 p | ||
| 942 | |c BK | ||
| 945 | |d 19950328 00:00:00 |a mfernand | ||
| 260 | |a Madrid |b Aguilar |c 1976 | ||
| 650 | 0 | |a Arquitectura islámica |9 266680 | |
| 583 | |a last modification |c 19950328 00:00:00 |k Rodrigo Vera | ||
| 490 | 0 | |a Historia universal de la arquitectura | |
| 999 | |c 232517 |d 232515 | ||
| 952 | |0 0 |1 0 |4 0 |6 723_300000000000000_HOA_1976 |7 0 |8 F |9 237173 |a BIBARQ |b BIBARQ |d 2019-11-15 |i 3071995 |o 723.3 HOA 1976 |p 3071995 |r 2025-01-20 |w 2019-11-15 |y BK_F |k ARQ | ||
| 952 | |0 0 |1 0 |4 0 |6 723_300000000000000_HOA_1976 |7 0 |8 X |9 237174 |a BIBHIS |b BIBHIS |d 2019-11-15 |i 1363638 |o 723.3 HOA 1976 |p 1363638 |r 2024-01-30 |w 2019-11-15 |y BK_X |k HIS | ||